Bumper month for civils (Record no. 81615)

MARC details
000 -LEADER
fixed length control field 00786cab a22001935a 4500
001 - CONTROL NUMBER
control field L147709
008 - FIXED-LENGTH DATA ELEMENTS--GENERAL INFORMATION
fixed length control field 090608e20090422xxkd f 000 0 eng d
035 ## - SYSTEM CONTROL NUMBER
System control number (Sirsi) u147709
041 0# - LANGUAGE CODE
Language code of text/sound track or separate title eng
100 1# - MAIN ENTRY--PERSONAL NAME
Personal name Stagg, James
245 00 - TITLE STATEMENT
Title Bumper month for civils
260 ## - PUBLICATION, DISTRIBUTION, ETC.
Date of publication, distribution, etc. 2009
490 ## - SERIES STATEMENT
Series statement Contract Journal
Volume/sequential designation 446(6719) 22 April 2009, 16-17(2)
520 ## - SUMMARY, ETC.
Summary, etc. Looks at CJ50, the Contract Journal's monthly league table of new work winners. An excellent month for infrastructure has seen the total for March 2009 at its highest level since summer 2008. Morrison Utillity Services topped the 12 month rolling table due to a ten year framework agreement. Tables. Graphs.
590 ## - LOCAL NOTE (RLIN)
Local note KA
651 #4 - SUBJECT ADDED ENTRY--GEOGRAPHIC NAME
Geographic name United Kingdom
Chronological subdivision
690 ## - LOCAL SUBJECT ADDED ENTRY--TOPICAL TERM (OCLC, RLIN)
Topical term or geographic name as entry element BUILT ENVIRONMENT-CONSTRUCTION MARKET
942 ## - ADDED ENTRY ELEMENTS (KOHA)
Suppress in OPAC 0
Holdings
Withdrawn status Lost status Source of classification or shelving scheme Damaged status Not for loan Home library Current library Shelving location Date acquired Total Checkouts Full call number Barcode Date last seen Copy number Price effective from Koha item type
    Dewey Decimal Classification     London London Journal article 09/06/2009   L147709 147709-1001 06/08/2019 1 06/08/2019 Journal article